| Tag |
First Indicator |
Second Indicator |
Subfields |
| LEADER |
00000cam a2200000 i 4500 |
| 001 |
in00004363921 |
| 006 |
m o d f |
| 007 |
cr ||||||||||| |
| 008 |
210913s2021 dcua ob f000 0 eng d |
| 005 |
20220513172428.2 |
| 035 |
|
|
|a (OCoLC)on1267989361
|
| 040 |
|
|
|a GPO
|b eng
|e rda
|e pn
|c GPO
|d OCLCO
|d OCLCF
|d GPO
|d MvI
|
| 043 |
|
|
|a n-us---
|
| 049 |
|
|
|a WWW
|
| 074 |
|
|
|a 0042-X (online)
|
| 086 |
0 |
|
|a A 93.73/2:226
|
| 100 |
1 |
|
|a Castillo, Marcelo (Research economist),
|e author.
|
| 245 |
1 |
0 |
|a Examining the growth in seasonal agricultural H-2A labor /
|c Marcelo Castillo [and three others].
|
| 264 |
|
1 |
|a [Washington, D.C.] :
|b Economic Research Service, U. S. Department of Agriculture,
|c 2021.
|
| 300 |
|
|
|a 1 online resource (ii, 51 pages) :
|b color illustrations, color maps.
|
| 336 |
|
|
|a text
|b txt
|2 rdacontent
|
| 337 |
|
|
|a computer
|b c
|2 rdamedia
|
| 338 |
|
|
|a online resource
|b cr
|2 rdacarrier
|
| 490 |
1 |
|
|a Economic information bulletin ;
|v number 226
|
| 500 |
|
|
|a "August 2021."
|
| 500 |
|
|
|a GPO Cataloging Record Distribution Program (CRDP).
|
| 504 |
|
|
|a Includes bibliographical references (pages 32-34).
|
| 588 |
|
|
|a Description based on online resource; title from PDF title screen (USDA ERS, viewed on Sept. 13, 2021).
|
| 650 |
|
0 |
|a Visas
|z United States.
|
| 650 |
|
0 |
|a Foreign worker certification
|z United States.
|
| 650 |
|
0 |
|a Migrant agricultural laborers
|z United States.
|
| 650 |
|
0 |
|a Agricultural laborers, Foreign
|z United States.
|
| 650 |
|
0 |
|a Agricultural laborers, Foreign
|x Legal status, laws, etc.
|z United States.
|
| 650 |
|
7 |
|a Agricultural laborers, Foreign.
|2 fast
|0 (OCoLC)fst00801016
|
| 650 |
|
7 |
|a Foreign worker certification.
|2 fast
|0 (OCoLC)fst01758704
|
| 650 |
|
7 |
|a Migrant agricultural laborers.
|2 fast
|0 (OCoLC)fst01020686
|
| 650 |
|
7 |
|a Visas.
|2 fast
|0 (OCoLC)fst01167796
|
| 651 |
|
7 |
|a United States.
|2 fast
|0 (OCoLC)fst01204155
|
| 700 |
1 |
|
|a Simnitt, Skyler,
|e author.
|
| 700 |
1 |
|
|a Astill, Gregory,
|e author.
|
| 700 |
1 |
|
|a Minor, Travis,
|e author.
|
| 710 |
1 |
|
|a United States.
|b Department of Agriculture.
|b Economic Research Service,
|e issuing body.
|
| 830 |
|
0 |
|a Economic information bulletin ;
|v no. 226.
|
| 856 |
4 |
0 |
|u https://purl.fdlp.gov/GPO/gpo159718
|t 0
|
| 999 |
f |
f |
|s fde1770b-0cc7-431f-b4ab-a1149dfc1e44
|i 4e0e782a-1612-3b11-84d1-3839aa288f44
|t 0
|
| 952 |
f |
f |
|a Texas A&M University
|b College Station
|c Electronic Resources
|d Available Online
|t 0
|e A 93.73/2:226
|h Superintendent of Documents classification
|
| 998 |
f |
f |
|a A 93.73/2:226
|t 0
|l Available Online
|